The old curiosity shop (Record no. 398310)

MARC details
000 -LEADER
fixed length control field 00609nam a2200241Ia 4500
008 - FIXED-LENGTH DATA ELEMENTS--GENERAL INFORMATION
fixed length control field 191130s2003##################000#0#eng##
020 ## - INTERNATIONAL STANDARD BOOK NUMBER
ISBN 9780486426792
082 ## - DEWEY DECIMAL CLASSIFICATION NUMBER
Classification number 823.8 DIC
100 ## - MAIN ENTRY--AUTHOR NAME
Personal name Dickens, Charles
245 ## - TITLE STATEMENT
Title The old curiosity shop
Statement of responsibility, etc Charles Dickens
260 ## - PUBLICATION, DISTRIBUTION, ETC. (IMPRINT)
Place of publication Mineola, NY
Name of publisher Dover Publications
Year of publication 2003
300 ## - PHYSICAL DESCRIPTION
Number of Pages 452 p
650 ## - SUBJECT ADDED ENTRY--TOPICAL TERM
Topical Term 00 - 1899
Topical Term Antique dealers
Topical Term England
Topical Term Gamblers
Topical Term Girls
Topical Term Grandfathers
991 ## -
-- 409563

No items available.

Find us on the map